000 00301nam a2200109 4500
008 180209b xxu||||| |||| 00| 0 eng d
245 _aQuake kills hundreds.
260 _aPhilippines:
_bPhilippine Daily Inquirer,
_cc2017.
300 _apage A13.
650 0 _926313
_aNatural disaster.
942 _2ddc
_cPER
999 _c8530
_d8530